Bureaucracy and development in the Arab world
Αποθηκεύτηκε σε:
| Άλλοι συγγραφείς: | |
|---|---|
| Μορφή: | Βιβλίο |
| Γλώσσα: | English |
| Δημοσίευση: |
Leiden :
E.J. Brill,
1989
|
| Σειρά: | International studies in sociology and social anthropology ;
; 51 |
| Θέματα: | |
| Ετικέτες: |
Προσθήκη ετικέτας
Δεν υπάρχουν, Καταχωρήστε ετικέτα πρώτοι!
|
MARC
| LEADER | 00000nam a2200000 i 4500 | ||
|---|---|---|---|
| 001 | 1/25741 | ||
| 008 | 981209s1989 eng d | ||
| 020 | |a 90-04-09194-7 | ||
| 035 | |l 10037409 | ||
| 040 | |a GR-MY-UA |b gre |e aacr | ||
| 041 | 0 | |a eng | |
| 082 | 0 | |a 338.9009174927 | |
| 245 | 1 | 0 | |a Bureaucracy and development in the Arab world / |c edited by Joseph G. Jabbra |
| 260 | |a Leiden : |b E.J. Brill, |c 1989 | ||
| 300 | |a 138 p. | ||
| 490 | 1 | |a International studies in sociology and social anthropology |v ; 51 |x 0074-8684 | |
| 650 | 0 | 0 | |a Bureaucracy |z Arab countries. |
| 651 | 0 | |a Arab countries |x Politics and government |y 1945- | |
| 651 | 0 | |a Arab countries |x Economic development |x Political aspects. | |
| 700 | 0 | |a Jabbra, Joseph G. |4 edt | |
| 830 | 0 | |a International studies in sociology and social anthropology ; |v ; 51 | |
| 852 | |a INST |b LESVOS |e 19981209 |h 338.9009174927 BUR |p 005100017451 |q 005100017451 |t BK |y 0 | ||
| 901 | |a BIBL-1999-1 | ||
| 909 | |a Λ |b 060711 | ||
| 922 | |a 1ΕΛΗ |b 199811 |c ΚΠΣ/ΤΚ |d ΠΑΠΑΣΩΤΗΡΙΟΥ | ||
| 950 | |a 103-1998-07-27 | ||